Novela zákona o cestovných náhradách

Pokračovanie článku z HN č. 226/02 o cestovných náhradách. Druhy a kategorizácia motorových vozidiel podľa novelizovaného zákona. Nárokové náhrady za použitie vlastného motorového vozidla. Použitie prívesu. Pokračovanie v ďalšom čísle.

Salvato in:
Dettagli Bibliografici
Autore principale: Balažovič, Viktor
Natura: Capitolo di libro
Lingua:slovacco
Soggetti:
Tags: Aggiungi Tag
Nessun Tag, puoi essere il primo ad aggiungerne!!

MARC

LEADER 00000naa a2200000 4500
001 r047157
005 20230925130439.6
041 0 |a slo 
044 |a SK 
245 1 0 |a Novela zákona o cestovných náhradách  |c Viktor Balažovič 
520 |a Pokračovanie článku z HN č. 226/02 o cestovných náhradách. Druhy a kategorizácia motorových vozidiel podľa novelizovaného zákona. Nárokové náhrady za použitie vlastného motorového vozidla. Použitie prívesu. Pokračovanie v ďalšom čísle. 
610 2 0 |a náhrada cestovného 
610 2 0 |a cesty pracovné 
610 2 0 |a novelizácia 
610 2 0 |a automobily osobné 
610 2 0 |a automobily nákladné 
610 2 0 |a zamestnanci 
610 2 0 |a zamestnávatelia 
100 1 |a Balažovič, Viktor